banner-ar

الرشاقة مدى الحياة : برنامج نموزجى لاربعة اسابيع / (Record no. 30397)

MARC details
000 -الفاتح
حقل البيانات ثابتة الطول 00793nam a2200265Ia 4500
008 - عناصر البيانات ثابتة الطول - معلومات عامة
حقل البيانات ثابتة الطول 140319s9999 xx 000 0 ara d
040 ## - مصدر الفهرسة
وكالة الفهرسة الأصلية GCL /
وكالة النسخ GCL
082 04 - رقم تصنيف ديوى العشرى
رقم التصنيف ع
رقم المادة 613.25
-- د ر
100 1# - المدخل الرئيسى - إسم شخصى
الإسم الشخصى فادى الزين
245 10 - بيان العنوان
العنوان الرشاقة مدى الحياة : برنامج نموزجى لاربعة اسابيع /
بيان المسئوليه,etc فادى الزين
700 1# - المدخل الاضافى - اسم شخصى
الإسم الشخصى دياموند هارفى
700 1# - المدخل الاضافى - اسم شخصى
الإسم الشخصى دياموند مارليلين
700 1# - المدخل الاضافى - اسم شخصى
الإسم الشخصى نبيل نقوزى
300 ## - الوصف المادى
التعداد 264 ص
490 ## - بيان السلسلة
عنوان السلسلة
650 04 - المدخل الاضافى بالموضوع-مصطلح موضوعى
مصطلح موضوعي الصحابة
650 04 - المدخل الاضافى بالموضوع-مصطلح موضوعى
مصطلح موضوعي التغذية
650 04 - المدخل الاضافى بالموضوع-مصطلح موضوعى
مصطلح موضوعي الصحة
650 04 - المدخل الاضافى بالموضوع-مصطلح موضوعى
مصطلح موضوعي الرجيم
650 04 - المدخل الاضافى بالموضوع-مصطلح موضوعى
مصطلح موضوعي الرجيم منخفض السعرات
650 04 - المدخل الاضافى بالموضوع-مصطلح موضوعى
مصطلح موضوعي الاغذية
942 ## - عناصر المدخل الإضافي( كوها)
مصدر التصنيف او مخطط الترفيف Dewey Decimal Classification
Koha [default] item type كتاب
260 ## - PUBLICATION, DISTRIBUTION, ETC. (IMPRINT)
-- [S.N] :
-- دار الانماء
Holdings
حالة التراجع حالة الفقد حالة تلف ليس للاعارة المكان المؤقت الموقع الحالى تاريخ الاكتساب اجمالي اﻻعارات رقم الطلب الباركود تاريخ اخر مشاهدة تاريخ تفعيل السعر نوع وعاء كوها
        مكتبة القاهرة الكبرى مكتبة القاهرة الكبرى 03/26/2014   ع\613.25\د ر 70758 03/26/2014 03/26/2014 كتاب
        مكتبة القاهرة الكبرى مكتبة القاهرة الكبرى 03/26/2014   ع\613.25\د ر 70759 03/26/2014 03/26/2014 كتاب

Powered By

EGPV